000 00482nam a2200169Ia 4500
008 180921t xxu||||| |||| 00| 0 sin d
041 _asin
080 _a636
_bKIR
245 _aකිරි ගවයින්ට ආහාර ලබා දීම
246 _aKiri Gavainta Ahara Labadeema
260 _bHuman Development Section
_aPeradeniya
300 _a23p., 21 cm
650 _aCow
_aAgricultural
942 _cBK
999 _c15900
_d15900
003 LK-CoDNM
040 _aLK-CoDNM
_dLK-CoDNM
_eLK-CoDNM